| 000 | 00522nam a22001697a 4500 | ||
|---|---|---|---|
| 005 | 20231031120812.0 | ||
| 008 | 231031b |||||||| |||| 00| 0 eng d | ||
| 020 | _a0409049085 | ||
| 041 | _aAfrikaans | ||
| 082 | _a346.6 MAA | ||
| 100 |
_aPretorius, J _lAfrikaans |
||
| 245 |
_aDie Maatskappy en Beslote Korporasies Wetgewingshandboek / _cJ Pretorius |
||
| 260 |
_aDurban : _bButterworth, _c1988 |
||
| 300 |
_bvii, 429 pages ; _c25 cm. |
||
| 650 |
_alegal practice _bLaw |
||
| 942 |
_cBK _6ALISON_BN_VRIES |
||
| 999 |
_c185 _d185 |
||